|
|
|
|
| LEADER |
00000nam a2200000Ii 4500 |
| 001 |
DIGCOLMX0418 |
| 003 |
NyNyDIG |
| 006 |
m o d |
| 007 |
cr ||||||||||| |
| 008 |
220509s2018 mx a ob 000 0 spa d |
| 035 |
|
|
|a (OCoLC)1335130366
|
| 040 |
|
|
|a DGITA
|b eng
|e rda
|e pn
|c DGITA
|
| 020 |
|
|
|a 9786076282816
|q eBook
|q ePub
|
| 020 |
|
|
|z 9786076281604
|q impreso
|
| 043 |
|
|
|a n-mx---
|
| 050 |
1 |
4 |
|a HT127.7 ebook
|
| 082 |
0 |
4 |
|a 307.760972
|
| 245 |
0 |
0 |
|a Investigaciones y enfoques contemporáneos en los estudios urbanos :
|b historia, organización social y estructura espacial en ciudades mexicanas /
|c Alejandra Trejo Nieto, Adolfo Sánchez Almanza, Edith Pacheco, (coordinadores)
|
| 264 |
|
1 |
|a Ciudad de México, México :
|b El Colegio de México,
|c 2018.
|
| 300 |
|
|
|a 1 online resource :
|b illustrations.
|
| 336 |
|
|
|a text
|b txt
|2 rdacontent
|
| 337 |
|
|
|a computer
|b c
|2 rdamedia
|
| 338 |
|
|
|a online resource
|b cr
|2 rdacarrier
|
| 347 |
|
|
|a text file
|2 rdaft
|
| 347 |
|
|
|b EPUB
|
| 500 |
|
|
|a Articles based on the authors' master's theses presented at El Colegio de México.
|
| 500 |
|
|
|a "Centro de Estudios Demográficos, Urbanos y Ambientales"--Page facing title page.
|
| 504 |
|
|
|a Includes bibliographical references.
|
| 588 |
0 |
|
|a Online resource; title from ePub title page (Digitalia, viewed May 9, 2022)
|
| 650 |
|
0 |
|a Cities and towns
|z Mexico.
|
| 650 |
|
0 |
|a Space
|x Social aspects
|z Mexico.
|
| 655 |
|
0 |
|a Electronic books.
|
| 700 |
1 |
|
|a Trejo Nieto, Alejandra,
|e editor.
|
| 700 |
1 |
|
|a Sánchez Almanza, Adolfo,
|e editor.
|
| 700 |
1 |
|
|a Pacheco Gómez Muñoz, María Edith,
|e editor.
|
| 791 |
2 |
|
|a Digitalia (Firm),
|e distributor.
|
| 793 |
0 |
|
|g Digitalia eBook Collection:
|a El Colegio de México
|
| 776 |
0 |
8 |
|i Print version:
|t Investigaciones y enfoques contemporáneos en los estudios urbanos.
|b Primera edición.
|d Ciudad de México, México : El Colegio de México, 2017
|z 9786076281604
|
| 856 |
4 |
0 |
|3 Digitalia Hispánica
|u https://www.digitaliapublishing.com/a/110309/
|
| 910 |
|
|
|a Premium collection: 2022
|